000 00304nam a2200109Ia 4500
008 200302s9999 xx 000 0 und d
100 _aGuy Cooper & Other
245 _aParadise Transformed the Private Garden for the 21st Century
260 _bThe Monacelli Press Inc.
260 _c1996
300 _a207 P.,
999 _c5897
_d5897